000 00281nam a2200109Ia 4500
008 220204s9999 xx 000 0 und d
082 _a631(44)
_bFRA
245 0 _aFrance and her agriculture.
260 _aParis
_bMinistry of Agriculture
_c1964
650 _aAgriculture
942 _cBK
999 _c20728
_d20728